000 00560nam a2200205 i 4500
001 102958
003 ES-MaACL
005 20250813063315.0
007 t|
008 051222s1999 ve ||||1| spa d
020 _a980-369-039-6
080 _a821.134.2-32"19"
100 0 _aGarcía, Juan Carlos,
_d1971-
_954058
245 1 0 _aPequeña tierra /
_cJuan Carlos García.
250 _a1ª ed.
260 _aCaracas :
_bGiluz,
_c1999.
300 _a46 p. :
_bil. ;
_c22 cm.
852 _aES-MaACL
_j2200-F-6
_bR.137008
999 _c102958
_d102958